[Event "IECC KO email"]
[Site "IECC email"]
[Date "1999.12.15"]
[Round "?"]
[White "Possolo, Miguel"]
[Black "Robinson, Keith"]
[Result "1-0"]
[WhiteElo "1316"]
[BlackElo "1192"]
[PlyCount "89"]
[EventDate "1999.??.??"]
[EventType "tourn (corr)"]
[EventRounds "6"]
[SourceTitle "Corr 2008"]
[Source "ChessBase"]
[SourceDate "2008.06.24"]
[SourceVersion "1"]
[SourceVersionDate "2008.06.24"]
[SourceQuality "1"]

1. e4 e5 2. Nf3 d5 3. Nxe5 dxe4 4. Bc4 Be6 5. Bxe6 fxe6 6. Qh5+ g6 7. Nxg6 Nf6 8. Qb5+ c6 9. Qxb7 hxg6 10. Qxa8 Qb6 11. d3 Bd6 12. Nc3 exd3 13. cxd3 Ng4 14. Ne4 Bb4+ 15. Ke2 0-0 16. a3 Bc5 17. f3 Nf2 18. Nxc5 Nxh1 19. b4 Rf7 20. Be3 Qb5 21. Na6 Rf8 22. Nxb8 Rxb8 23. Qxa7 Rd8 24. Rd1 Qd5 25. Qc5 Qa2+ 26. Rd2 Qxa3 27. Qxc6 Qb3 28. Qc4 Qxc4 29. dxc4 Rc8 30. c5 Rb8 31. Rb2 Ra8 32. b5 Kf7 33. b6 Rh8 34. Bf4 e5 35. Bxe5 Re8 36. f4 g5 37. g3 Kg6 38. b7 Kf5 39. b8Q Rxb8 40. Bxb8 Kg4 41. c6 Kh3 42. Kf1 Nf2 43. Rxf2 g4 44. Rf3 Kxh2 45. Re3 1-0

[Event "IECC KO email"]
[Site "IECC email"]
[Date "1999.12.15"]
[Round "?"]
[White "Robinson, Keith"]
[Black "Possolo, Miguel"]
[Result "0-1"]
[WhiteElo "1182"]
[BlackElo "1326"]
[PlyCount "100"]
[EventDate "1999.??.??"]
[EventType "tourn (corr)"]
[EventRounds "6"]
[SourceTitle "Corr 2008"]
[Source "ChessBase"]
[SourceDate "2008.06.24"]
[SourceVersion "1"]
[SourceVersionDate "2008.06.24"]
[SourceQuality "1"]

1. e4 e5 2. Nf3 Nf6 3. Bb5 c6 4. Bd3 d5 5. exd5 Qxd5 6. Nc3 Qe6 7. Ng5 Qe7 8. Bc4 Be6 9. Qe2 Bxc4 10. Qxc4 b5 11. Qh4 Nbd7 12. d3 Nc5 13. Be3 b4 14. Qxb4 Nxd3+ 15. cxd3 Qxb4 16. 0-0-0 Rb8 17. Rd2 Nd5 18. Nge4 Qa5 19. h4 Bb4 20. Rc2 Nxc3 21. Nxc3 Bxc3 22. bxc3 Qa3+ 23. Kd1 0-0 24. Bc1 Qd6 25. Rh3 e4 26. Rd2 exd3 27. Rhxd3 Qe6 28. Rd4 c5 29. Rd5 Qg4+ 30. f3 Qxh4 31. g4 Qh1+ 32. Kc2 Qxf3 33. c4 Qe4+ 34. Kc3 Qxg4 35. R2d3 Qg1 36. Kc2 Rfe8 37. Rb3 Qg2+ 38. Bd2 Qe4+ 39. Kc3 Rxb3+ 40. axb3 h5 41. Rxc5 Rd8 42. Bg5 f6 43. Bc1 Qd4+ 44. Kb4 Rb8+ 45. Rb5 Rxb5+ 46. Kxb5 Qb6+ 47. Ka4 h4 48. b4 Qc6+ 49. Kb3 a6 50. Be3 Qf3 0-1

[Event "IECC KO email"]
[Site "IECC email"]
[Date "1999.11.23"]
[Round "?"]
[White "Olds, George R"]
[Black "Possolo, Miguel"]
[Result "1-0"]
[WhiteElo "1459"]
[BlackElo "1283"]
[PlyCount "51"]
[EventDate "1999.??.??"]
[EventType "tourn (corr)"]
[EventRounds "6"]
[SourceTitle "Corr 2008"]
[Source "ChessBase"]
[SourceDate "2008.06.24"]
[SourceVersion "1"]
[SourceVersionDate "2008.06.24"]
[SourceQuality "1"]

1. e4 c5 2. Nf3 d6 3. d4 Nc6 4. d5 Ne5 5. Nxe5 dxe5 6. Qh5 Nf6 7. Qxe5 e6 8. dxe6 Bxe6 9. Bb5+ Nd7 10. Nc3 a6 11. Bxd7+ Qxd7 12. Nd5 Rd8 13. Nc7+ Ke7 14. Nd5+ Ke8 15. Bg5 f6 16. Bxf6 Bd6 17. Qh5+ Bf7 18. Qh4 Bxd5 19. Bxd8 Qxd8 20. Qxd8+ Kxd8 21. exd5 Re8+ 22. Kd2 b5 23. Rhe1 Rf8 24. Ke2 Bxh2 25. g3 Kd7 26. Rh1 1-0

[Event "IECC KO email"]
[Site "IECC email"]
[Date "1999.11.23"]
[Round "?"]
[White "Possolo, Miguel"]
[Black "Olds, George R"]
[Result "0-1"]
[WhiteElo "1293"]
[BlackElo "1430"]
[PlyCount "47"]
[EventDate "1999.??.??"]
[EventType "tourn (corr)"]
[EventRounds "6"]
[SourceTitle "Corr 2008"]
[Source "ChessBase"]
[SourceDate "2008.06.24"]
[SourceVersion "1"]
[SourceVersionDate "2008.06.24"]
[SourceQuality "1"]

1. e4 e5 2. Nf3 Nc6 3. Bb5 a6 4. Bc4 Nf6 5. Ng5 d5 6. exd5 Na5 7. d3 b5 8. Bb3 Nxb3 9. axb3 Qxd5 10. 0-0 Bb7 11. Nf3 Bd6 12. c4 Qc5 13. Be3 Qc6 14. Re1 0-0 15. c5 Bxc5 16. Bxc5 Qxc5 17. Nxe5 Qd5 18. f3 Qd4+ 19. Kh1 Rfe8 20. Ng4 Nxg4 21. Rxe8+ Rxe8 22. fxg4 Qxg4 23. Qf1 Qxg2+ 24. Qxg2 0-1

[Event "IECC KO email"]
[Site "IECC email"]
[Date "1999.10.16"]
[Round "?"]
[White "Backhouse, Darren"]
[Black "Possolo, Miguel"]
[Result "1-0"]
[WhiteElo "1246"]
[BlackElo "1311"]
[PlyCount "93"]
[EventDate "1999.??.??"]
[EventType "tourn (corr)"]
[EventRounds "6"]
[SourceTitle "Corr 2008"]
[Source "ChessBase"]
[SourceDate "2008.06.24"]
[SourceVersion "1"]
[SourceVersionDate "2008.06.24"]
[SourceQuality "1"]

1. e4 c5 2. Nc3 d6 3. Bb5+ Bd7 4. Bxd7+ Nxd7 5. f4 e5 6. d3 Ngf6 7. Nf3 Qc7 8. 0-0 a6 9. Be3 Nb6 10. a4 Ng4 11. Bd2 c4 12. Qe1 Qc5+ 13. Kh1 Be7 14. h3 Nf6 15. Be3 Qc7 16. fxe5 dxe5 17. Nxe5 Qxe5 18. Bxb6 Bd6 19. Bg1 Nh5 20. Ne2 cxd3 21. cxd3 0-0 22. Rf5 Ng3+ 23. Nxg3 Qxb2 24. Rf2 Qe5 25. Rf3 Rac8 26. Rb1 b5 27. axb5 axb5 28. Qa5 Rb8 29. Bb6 Qg5 30. Nf5 Ra8 31. Qxb5 Ra2 32. Rf2 Rxf2 33. Bxf2 Bc7 34. Qc5 Qd8 35. Rb7 Bf4 36. Ne7+ Kh8 37. d4 Bd6 38. Qa7 Bxe7 39. Rxe7 Kg8 40. d5 Qd6 41. Bc5 Qf6 42. d6 Qf1+ 43. Bg1 Qd3 44. d7 Qb5 45. Qc7 Qb8 46. Qxb8 Rxb8 47. Re8+ 1-0

[Event "IECC KO email"]
[Site "IECC email"]
[Date "1999.10.03"]
[Round "?"]
[White "Possolo, Miguel"]
[Black "Attardi, Ubaldo"]
[Result "1-0"]
[WhiteElo "1271"]
[BlackElo "1282"]
[PlyCount "25"]
[EventDate "1999.??.??"]
[EventType "tourn (corr)"]
[EventRounds "6"]
[SourceTitle "Corr 2008"]
[Source "ChessBase"]
[SourceDate "2008.06.24"]
[SourceVersion "1"]
[SourceVersionDate "2008.06.24"]
[SourceQuality "1"]

1. e4 e5 2. Nf3 Nc6 3. d4 d5 4. Bb5 Nf6 5. Nxe5 Bd7 6. Nxd7 Qxd7 7. e5 Qe6 8. 0-0 Nd7 9. c4 0-0-0 10. cxd5 Qxd5 11. Nc3 Qxd4 12. Bxc6 bxc6 13. Qxd4 1-0

[Event "IECC KO email"]
[Site "IECC email"]
[Date "1999.08.23"]
[Round "?"]
[White "Lind, Anders"]
[Black "Possolo, Miguel"]
[Result "0-1"]
[WhiteElo "1382"]
[BlackElo "1249"]
[PlyCount "132"]
[EventDate "1999.??.??"]
[EventType "tourn (corr)"]
[EventRounds "6"]
[SourceTitle "Corr 2008"]
[Source "ChessBase"]
[SourceDate "2008.06.24"]
[SourceVersion "1"]
[SourceVersionDate "2008.06.24"]
[SourceQuality "1"]

1. e4 c5 2. Nf3 d6 3. d4 cxd4 4. Nxd4 Qa5+ 5. Bd2 Qe5 6. Be3 Qxe4 7. Nc3 Qg4 8. Qd3 Nc6 9. Ndb5 Qd7 10. Qd2 a6 11. Na3 Nf6 12. Nc4 Qe6 13. Nb6 Rb8 14. Bc4 Qe5 15. 0-0-0 Be6 16. Bf4 Qa5 17. Bxe6 fxe6 18. Nc4 Qc7 19. Rhe1 e5 20. Be3 b5 21. Nb6 Rxb6 22. Bxb6 Qxb6 23. f4 e6 24. Ne4 Nxe4 25. Rxe4 d5 26. fxe5 Be7 27. Rg4 g6 28. Qh6 Bf8 29. Qh3 Nxe5 30. Rg5 Nf7 31. Rg4 Nh6 32. Rgd4 Nf5 33. R4d3 Bg7 34. Re1 0-0 35. g4 Ne7 36. Rde3 e5 37. Qh4 Qf6 38. Qg3 Bh6 39. Kb1 Bxe3 40. Rxe3 Qf4 41. Qe1 Qxe3 42. Qxe3 Rf1+ 43. Qc1 Rxc1+ 44. Kxc1 Kf7 45. Kd2 Kf6 46. Ke3 Kg5 47. Kf3 Kh4 48. a3 Kh3 49. b3 Kxh2 50. Kf2 h5 51. gxh5 gxh5 52. c3 h4 53. b4 Nc6 54. Kf1 h3 55. Kf2 e4 56. Kf1 Ne5 57. Kf2 Nc4 58. Kf1 Nxa3 59. Kf2 Nb1 60. Kf1 Nxc3 61. Kf2 d4 62. Kf1 d3 63. Ke1 Nd5 64. Kf2 Nxb4 65. Kf1 Kg3 66. Kg1 d2 0-1

[Event "IECC CL6-1999.19"]
[Site "IECC email"]
[Date "1999.08.16"]
[Round "?"]
[White "Van der Meer, Robert"]
[Black "Possolo, Miguel"]
[Result "1-0"]
[WhiteElo "1260"]
[BlackElo "1307"]
[PlyCount "81"]
[EventDate "1999.??.??"]
[EventType "tourn (corr)"]
[EventRounds "4"]
[SourceTitle "Corr 2008"]
[Source "ChessBase"]
[SourceDate "2008.06.24"]
[SourceVersion "1"]
[SourceVersionDate "2008.06.24"]
[SourceQuality "1"]

1. e4 c5 2. Nf3 d6 3. Bc4 Nc6 4. d3 a6 5. 0-0 b5 6. Bd5 Bb7 7. c3 e6 8. Bb3 Nf6 9. Bg5 Be7 10. a4 0-0 11. axb5 axb5 12. Rxa8 Bxa8 13. Nbd2 h6 14. Bh4 Nd7 15. Bxe7 Qxe7 16. Qe2 Na5 17. Bc2 d5 18. Ra1 Qd8 19. d4 c4 20. e5 Nc6 21. b3 f6 22. exf6 Qxf6 23. bxc4 bxc4 24. Ba4 Re8 25. Bb5 Bb7 26. Re1 Re7 27. Nf1 Nf8 28. Bxc6 Bxc6 29. Ne5 Ba4 30. Ra1 Bb3 31. Ra8 Qf5 32. Qb2 Kh7 33. Ne3 Qf6 34. Qb1+ Ng6 35. Nxg6 Qxg6 36. Rh8+ Kxh8 37. Qxg6 Kg8 38. f4 Ba4 39. f5 exf5 40. Nxf5 Rf7 41. Nxh6+ 1-0